000 02475cam a2200277 4500500
005 20260201064412.0
041 _afre
042 _adc
100 1 0 _aLallemand, Élodie
_eauthor
700 1 0 _aFerran, Aude A.
_eauthor
245 0 0 _aComment intégrer les propriétés pharmacologiques des antibiotiques dans la stratégie thérapeutique chez le cheval ?
260 _c2025.
500 _a36
520 _aLa mise en place d’une antibiothérapie raisonnée en médecine vétérinaire consiste à prendre en compte la santé animale, mais aussi la santé publique. Dans ce contexte, la connaissance des paramètres pharmacologiques des antibiotiques, qui renseignent sur l’activité antibactérienne et le devenir du médicament dans l’organisme, permet d’optimiser les schémas posologiques. L’objectif est de choisir les doses, les intervalles d’administration et les voies pour obtenir une efficacité maximale de l’antibiotique sur le pathogène et une pression de sélection de résistances minimale sur les bactéries commensales. Une antibiothérapie raisonnée est une antibiothérapie réduite (nombre de molécules utilisées, dose, durée) au strict nécessaire en privilégiant les antibiotiques les moins critiques.
520 _aImplementing rational antibiotic therapy in veterinary medicine involves taking into account both animal health and public health. In this context, knowledge of the pharmacological parameters of antibiotics, which provide information on antibacterial activity and the fate of the drug in the body, allows for the optimisation of dosage regimens. The objective is to choose doses, administration intervals, and routes to achieve maximum antibiotic efficacy on the pathogen and minimal resistance selection pressure on commensal bacteria. Rational antibiotic therapy is antibiotic therapy that is reduced (number of molecules used, dose, duration) to what is strictly necessary, favoring the least critical antibiotics.
690 _aantibiotique
690 _acheval
690 _arésistance bactérienne
690 _aschéma posologique
690 _aantibiotic
690 _abacterial resistance
690 _adosing schedule
690 _ahorse
786 0 _nLe Nouveau Praticien Vétérinaire - Équine | 18-19 | 1-2 | 2025-11-06 | p. 104-113 | 1767-5081
856 4 1 _uhttps://stm.cairn.info/revue-le-nouveau-praticien-veterinaire-equine-2025-1-2-page-104?lang=fr&redirect-ssocas=7080
999 _c1639752
_d1639752